000 00296nam a22001337a 4500
008 171010b xxu||||| |||| 00| 0 eng d
020 _a9780205647705
041 _aeng
080 _26TH
_a316
100 _a50
101 _aSOC
245 _aSOCIAL WELFARE POLICY
_cKARGER,H,J
942 _2udc
_cBK
999 _c32986
_d32986